NDU-K Library Catalogue

Girl in a jacket 

Becoming a strategic leader : (Record no. 23672)

MARC details
000 -LEADER
fixed length control field 02047cam a2200493 i 4500
001 - CONTROL NUMBER
control field 17862925
003 - CONTROL NUMBER IDENTIFIER
control field OSt
005 - DATE AND TIME OF LATEST TRANSACTION
control field 20260408055329.0
006 - FIXED-LENGTH DATA ELEMENTS--ADDITIONAL MATERIAL CHARACTERISTICS
fixed length control field m |o d |
007 - PHYSICAL DESCRIPTION FIXED FIELD--GENERAL INFORMATION
fixed length control field cr_|||||||||||
008 - FIXED-LENGTH DATA ELEMENTS--GENERAL INFORMATION
fixed length control field 130823s2014 cau ob 001 0 eng
010 ## - LIBRARY OF CONGRESS CONTROL NUMBER
LC control number 2013034738
020 ## - INTERNATIONAL STANDARD BOOK NUMBER
International Standard Book Number 9781118573150
Qualifying information epub
020 ## - INTERNATIONAL STANDARD BOOK NUMBER
International Standard Book Number 9781118573136
Qualifying information pdf
020 ## - INTERNATIONAL STANDARD BOOK NUMBER
Canceled/invalid ISBN 9781118567234 (cloth)
035 ## - SYSTEM CONTROL NUMBER
System control number 17862925
040 ## - CATALOGING SOURCE
Original cataloging agency DLC
Language of cataloging eng
Transcribing agency DLC
Description conventions rda
Modifying agency DLC
042 ## - AUTHENTICATION CODE
Authentication code pcc
050 00 - LIBRARY OF CONGRESS CALL NUMBER
Classification number HD57.7
082 00 - DEWEY DECIMAL CLASSIFICATION NUMBER
Classification number 658.4/092
Edition number 23
100 1# - MAIN ENTRY--PERSONAL NAME
Personal name Hughes, Richard L.,
Dates associated with a name 1946-
245 10 - TITLE STATEMENT
Title Becoming a strategic leader :
Remainder of title your role in your organization's enduring success /
Statement of responsibility, etc. Richard L. Hughes, Katherine Colarelli Beatty, David L. Dinwoodie.
250 ## - EDITION STATEMENT
Edition statement Second edition.
264 #1 - PRODUCTION, PUBLICATION, DISTRIBUTION, MANUFACTURE, AND COPYRIGHT NOTICE
Place of production, publication, distribution, manufacture San Francisco :
Name of producer, publisher, distributor, manufacturer Jossey-Bass,
Date of production, publication, distribution, manufacture, or copyright notice [2014]
300 ## - PHYSICAL DESCRIPTION
Extent 1 online resource.
336 ## - CONTENT TYPE
Content type term text
Source rdacontent
337 ## - MEDIA TYPE
Media type term computer
Source rdamedia
338 ## - CARRIER TYPE
Carrier type term online resource
Source rdacarrier
490 0# - SERIES STATEMENT
Series statement The Jossey-Bass business & management series
500 ## - GENERAL NOTE
General note "A joint publication of The Jossey-Bass Business & Management Series And The Center for Creative Leadership."
504 ## - BIBLIOGRAPHY, ETC. NOTE
Bibliography, etc. note Includes bibliographical references and index.
505 0# - FORMATTED CONTENTS NOTE
Formatted contents note What is strategic leadership? -- Strategic thinking -- Strategic acting -- Strategic influence -- Strategic leadership teams -- Leadership strategies for superior performance -- Developing strategic leadership.
588 ## - SOURCE OF DESCRIPTION NOTE
Source of description note Description based on print version record and CIP data provided by publisher.
650 #0 - SUBJECT ADDED ENTRY--TOPICAL TERM
Topical term or geographic name entry element Leadership.
650 #0 - SUBJECT ADDED ENTRY--TOPICAL TERM
Topical term or geographic name entry element Strategic planning.
650 #0 - SUBJECT ADDED ENTRY--TOPICAL TERM
Topical term or geographic name entry element Organizational effectiveness.
650 #0 - SUBJECT ADDED ENTRY--TOPICAL TERM
Topical term or geographic name entry element Success in business.
700 1# - ADDED ENTRY--PERSONAL NAME
Personal name Beatty, Katherine Colarelli,
Dates associated with a name 1965-
700 1# - ADDED ENTRY--PERSONAL NAME
Personal name Dinwoodie, David L.
776 08 - ADDITIONAL PHYSICAL FORM ENTRY
Relationship information Print version:
Main entry heading Hughes, Richard L.
Title Becoming a strategic leader
Edition Second edition.
Place, publisher, and date of publication San Francisco : Jossey-Bass, [2014]
International Standard Book Number 9781118567234
Record control number (DLC) 2013033903
906 ## - LOCAL DATA ELEMENT F, LDF (RLIN)
a 7
b cbc
c origcop
d 1
e ecip
f 20
g y-gencatlg
942 ## - ADDED ENTRY ELEMENTS (KOHA)
Source of classification or shelving scheme Library of Congress Classification
Koha item type Normal Collection
Suppress in OPAC No
Holdings
Withdrawn status Lost status Source of classification or shelving scheme Damaged status Not for loan Home library Current library Date acquired Inventory number Total Checkouts Full call number Barcode Date last seen Price effective from Koha item type
    Library of Congress Classification     International Peace Support Training Centre (IPSTC) International Peace Support Training Centre (IPSTC) 08/04/2026 2387/2016   HD57.7 .B43 2014 200123872016 08/04/2026 08/04/2026 Normal Collection
Copyright © 2026 [National Defence University - Kenya]. All rights reserved.